000 00318nam a22001337a 4500
008 190305b xxu||||| |||| 00| 0 eng d
020 _a0226036367
041 _aeng
080 _22nd
_a159.9
100 _a49
101 _aPSI
245 _aBecoming a Psychotherapist A Clinical Primer
_cSchafer,R
942 _2udc
_cBK
999 _c54473
_d54473